LEADER 01480nam a2200325 i 4500 001 000000351020 003 CaOOAMICUS 005 20220727142959.0 008 220727s2017 xxk u000 u eng u 013 $a183218 020 $a978-0-567-67093-9 040 $aSeMil$bita 100 1 $aDell, Katharine Julia,$d<1961- >.$0(OLS)http://semarc/name/22191 245 10$aJob :$ban introduction and study guide : where shall wisdom be found? /$cby Katharine J. Dell. 264 1$aLondon ; New York, NY :$bBloomsbury T&T Clark,$c2017. 300 $axiv, 114 p. ;$c24 cm. 490 1 $aT&T Clark study guides to the Old Testament 650 4$aBibbia. Antico Testamento. Giobbe - Commentari, studi, critica, interpretazioni.$0(OLS)http://semarc/subject/182 650 4$aBibbia - Sapienza.$0(OLS)http://semarc/subject/52694 830 0$aT&T Clark study guides to the Old Testament.$0(OLS)http://semarc/title/440065 850 $aSeMil 852 $aSeMil$W1$xVenegono$y1$m2XA V 8$j233672$B242067$CSeMilBibl$Z2$F242067 $81 983 0$aT&T Clark study guides. 983 0$aOld Testament guides. 996 $6020$a978-0-567-67093-9$9(OLS)http://semarc/number/296373 996 $6245$aJob :$ban introduction and study guide : where shall wisdom be found?$9(OLS)http://semarc/title/440826 996 $6264$aLondon ; New York, NY :$bBloomsbury T&T Clark$9(OLS)http://semarc/publisher/60540 LEADER 00614naa a2200157 i 4500 001 000000301609 003 CaOOAMICUS 005 20180831172725.0 008 180831n xx u000 u und u 013 $a9343 040 $aSeMil$bita 100 1 $aLongaretti, Trento <1916-2017>.$0(OLS)http://semarc/name/90322 245 10$aPaul 6. et l'art. 650 4$aPaolo VI - Arte.$0(OLS)http://semarc/subject/6520 773 0 $tPaul 6. et l'art.$dBrescia : Istituto Paolo 6., 1989.$kPubblicazioni dell'Istituto Paolo 6.$z88-382-3595-3$gp.51-55$w()35547 996 $6245$aPaul 6. et l'art$9(OLS)http://semarc/title/377602